Chumba la cachumba /

Guardado en:
Autor Principal: Anónimo
Otros Autores: Cotte, Carlos; il.
Formato: Libro
Publicado: Buenos Aires : Calibroscopio, 2013
Series:Clave de Sol
Materias:
Etiquetas: Agregar Etiqueta
Sin Etiquetas, Sea el primero en etiquetar este registro!
LEADER 01184nam a22003015a 4500
001 CEM.cems015026
008 130507s2013##################000#0#####d
005 20240219120812.0
245 1 0 |a Chumba la cachumba /  |c  Ilustrado Por Carlos Cotte 
260 |a Buenos Aires :  |b Calibroscopio,  |c 2013 
300 |a 32 p. 
490 0 |a Clave de Sol 
020 |a 9789871801206 
100 1 |a Anónimo 
700 1 |a Cotte, Carlos; il. 
082 0 4 |a 836.4 
653 |a Literatura 
653 |a Literatura infantil 
653 |a Literatura española 
653 |a Cuento infantil 
653 |a Colección ciencias de la educación 
859 |a CEMS  |b BIB. CEMS - Inicial y Primaria  |h 836.4  |i C471  |k IP  |p 3944  |t Ej.1 
859 |a CEMS  |b BIB. CEMS - Ccias. Educacion  |h 836.4  |i C471  |k CE  |p 27935.19  |t Ej.1 
859 |a CEMS  |b BIB. CEMS - Inicial y Primaria  |h 836.4  |i C471  |k IP  |p 3987  |t Ej.2 
859 |a CEMS  |b BIB. CEMS - Ccias. Educacion  |h 836.4  |i C471  |k CE  |p 28757.19  |t Ej.2 
859 |a CEMS  |b BIB. CEMS - Inicial y Primaria  |h 836.4  |i C471  |k IP  |p 4176  |t Ej.3 
859 |a CEMS  |b BIB. CEMS - Ccias. Educacion  |h 836.4  |i C471  |k CE  |p 28758.19  |t Ej.3 
859 |a CEMS  |b BIB. CEMS - Ccias. Educacion  |h 836.4  |i C471  |k CE  |p 29464.23  |t Ej.4